Recopilación de discursos y otros parlamentos / del Excmo. Sr. D. Joaquín Buxó de Abaigar...
Descripción Física:
178 p. ; 24 cm
MARC
| LEADER | 00000nam a2200000Ia 4500 | ||
|---|---|---|---|
| 001 | 1743 | ||
| 008 | 160829s9999 xx 000 0 cat d | ||
| 080 | |a M-1-287 | ||
| 110 | 1 | |a Barcelona (Catalunya : Província). |b President (1949-1967 : Buxó de Abaigar) |9 54218 | |
| 245 | |a Recopilación de discursos y otros parlamentos / del Excmo. Sr. D. Joaquín Buxó de Abaigar... | ||
| 260 | |a Barcelona : |b Sección de Prensa de la Diputación Provincial de Barcelona, [s.a.] | ||
| 300 | |a 178 p. ; |c 24 cm | ||
| 590 | |a Comprèn el període: 24 d'abril 1949 a 30 de juny 1951 | ||
| 650 | |a Barcelona. Diputació |x Presidents |x Discursos |9 23126 | ||
| 901 | |a Arxiu | ||
| 942 | |n 1 |2 udc | ||
| 952 | |0 0 |1 0 |4 0 |6 M1287 |7 1 |9 42553 |a Arxiu |b Arxiu |d 2016-12-01 |l 0 |o M-1-287 |p 1743 |r 2016-12-01 00:00:00 |w 2016-12-01 |y ARXIU | ||
| 999 | |c 45058 |d 45058 | ||